000 00329nam a2200145Ia 4500
100 _aOsborne/Adam/ Kone/Gerry
490 _v3
942 _cBK
654 _aComputer
245 _aOsborne 4 & 8 Bit Microprocessor Handbook
260 _bOsborne Mc graw Hill
_c1981
082 _a1.642
_bOSB
546 _aENGLISH
999 _c28459
_d28459